Samalla kirjaimella alkavat naapurimaat - Statistics

Yleistilastot
  • Tätä visaa on pelattu 1 027 kertaa
    974 viimeisimmän päivityksen jälkeen
  • Keskiarvotulos 27 / 40
Vastaustilastot
Kirjain Vastaus % Oikein
V Venäjä
90%
K Kiina
84%
V Valko-Venäjä
83%
K Kongon dem. tasavalta
81%
K Kongon tasavalta
81%
V Viro
80%
K Kazakstan
77%
E Etiopia
75%
I Irak
75%
I Iran
75%
K Kirgisia
75%
M Mali
74%
E Eritrea
73%
L Latvia
72%
L Liettua
72%
B Bolivia
71%
B Brasilia
71%
M Mauritania
71%
U Ukraina
70%
I Italia
69%
K Kamerun
69%
S Saksa
69%
U Unkari
69%
I Itävalta
68%
K Keski-Afrikan tasavalta
68%
M Marokko
68%
S Sveitsi
67%
N Niger
66%
N Nigeria
66%
E Etelä-Sudan
62%
I Indonesia
62%
A Armenia
61%
A Azerbaidžan
60%
I Itä-Timor
59%
G Guinea
57%
G Guinea-Bissau
55%
B Benin
48%
M Mosambik
45%
M Malawi
44%
B Burkina Faso
43%
Ehtoja vastaavia visoja ei löytynyt
Tulosjakauma
Jokaisen tuloksen saaneiden osuus
Persentiili vastausten määrän mukaan
Tuloshistoriasi
Et ole pelannut tätä visaa sen viimeisimmän päivityksen jälkeen